Southville International School and Colleges
Your cart is empty.
  • Cart
  • Lists
    Public lists Eva Luna New books Lux_list list_1
    Your lists Log in to create your own lists
  • Log in to your account
  • Your cookies
  • Search history
Southville International School and Colleges
  • Advanced search
  • Recent comments
  • Most popular
  • Libraries

Log in to your account

Log in with GOOGLE


If you do not have an external account, but do have a local account, you can still log in:

  1. Home
  2. MARC view: The Frienship ring CJ-please, please, please /
Normal view MARC view ISBD view

The Frienship ring CJ-please, please, please / (Record no. 110837)

[ view plain ]
MARC details
000 -LEADER
fixed length control field 00471nam a2200169 a 4500
001 - CONTROL NUMBER
control field 1144
005 - DATE AND TIME OF LATEST TRANSACTION
control field 20140414131904.0
008 - FIXED-LENGTH DATA ELEMENTS--GENERAL INFORMATION
fixed length control field 041022s19uu xx 00 eng d
020 ## - INTERNATIONAL STANDARD BOOK NUMBER
International Standard Book Number 0-439-08762-7
050 ## - LIBRARY OF CONGRESS CALL NUMBER
Classification number FIC
Item number V19 1998
100 ## - MAIN ENTRY--PERSONAL NAME
Personal name Vail, Rachel
245 ## - TITLE STATEMENT
Title The Frienship ring CJ-please, please, please /
Statement of responsibility, etc Rachel Vail.
260 ## - PUBLICATION, DISTRIBUTION, ETC. (IMPRINT)
Place of publication, distribution, etc New York :
Name of publisher, distributor, etc An Apple Paperback/Scholastic,
Date of publication, distribution, etc 1998.
300 ## - PHYSICAL DESCRIPTION
Extent 170 p. : ill. ; cm.
650 ## - SUBJECT ADDED ENTRY--TOPICAL TERM
Topical term or geographic name as entry element Fiction.
Holdings
Withdrawn status Lost status Damaged status Use restrictions Home library Current library Shelving location Date acquired Source of acquisition Total Checkouts Full call number Barcode Date last seen Price effective from Koha item type
        Munich Library Munich Library Fiction Section 10/22/2004     FIC V19 1998 M1342 04/14/2014 04/14/2014 Books

The Frienship ring CJ-please, please, please /

APA

Vail R., . (1998). The Frienship ring CJ-please, please, please. New York: An Apple Paperback/Scholastic.

Chicago

Vail Rachel, . 1998. The Frienship ring CJ-please, please, please. New York: An Apple Paperback/Scholastic.

Harvard

Vail R., . (1998). The Frienship ring CJ-please, please, please. New York: An Apple Paperback/Scholastic.

MLA

Vail Rachel, . The Frienship ring CJ-please, please, please. New York: An Apple Paperback/Scholastic. 1998.

  • Place hold
  • Print
  • Cite
  • Add to your cart (remove)
  • Save record
    BIBTEX Dublin Core MARCXML MARC (non-Unicode/MARC-8) MARC (Unicode/UTF-8) MARC (Unicode/UTF-8, Standard) MODS (XML) RIS
  • More searches
    Search for this title in:
    Other Libraries (WorldCat) Other Databases (Google Scholar) Online Stores (Bookfinder.com) Open Library (openlibrary.org)

Exporting to Dublin Core...

SOUTHVILLE LIBRARY

Southville International School and Colleges Library

1281 Tropical Ave. Cor. Luxembourg St., BF Homes International, Las Pinas City

Tel. No. 8256374 / 252358 Loc. 117/146

Powered by Koha